Concept formation in children: Eco- cultural context (Record no. 1399523)

MARC details
000 -LEADER
fixed length control field 00575nam a2200193Ia 4500
005 - DATE AND TIME OF LATEST TRANSACTION
control field 20250508170146.0
008 - FIXED-LENGTH DATA ELEMENTS--GENERAL INFORMATION
fixed length control field 008 250505s9999 xx 000 0 eng d
037 ## - SOURCE OF ACQUISITION
Stock number Textual
040 ## - CATALOGING SOURCE
Original cataloging agency FEDL
Language of cataloging eng
Transcribing agency FEDL
041 ## - LANGUAGE CODE
Language code of text/sound track or separate title eng
Source of code eng
084 ## - COLON CLASSIFICATION NUMBER
Classification number 153.4, BEV
Assigning agency FEDL
100 ## - MAIN ENTRY--PERSONAL NAME
Personal name Bevli UpdeshK
9 (RLIN) 783261
245 #0 - TITLE STATEMENT
Title Concept formation in children: Eco- cultural context
260 ## - PUBLICATION, DISTRIBUTION, ETC.
Place of publication, distribution, etc. New Delhi, India
Name of publisher, distributor, etc. National Publishing House
Date of publication, distribution, etc. 1982
300 ## - PHYSICAL DESCRIPTION
Extent 230p.
546 ## - LANGUAGE NOTE
Language note Gifted by Prof. Poonam Batra
942 ## - ADDED ENTRY ELEMENTS (KOHA)
Koha item type Textual
Classification part 153.4, BEV
Holdings
Withdrawn status Lost status Damaged status Not for loan Home library Current library Date acquired Total Checkouts Full call number Barcode Date last seen Price effective from Koha item type
        Department of Education Library Department of Education Library 2025-05-08   153.4, BEV EL0093524 2025-05-08 2025-05-08 Textual
Copyright @ Delhi University Library System